[Event "26th Troya Open 2018"]
[Site "Canakkale"]
[Date "2018.08.09"]
[Round "6.8"]
[White "Semiev, Suhrab"]
[Black "Soyunlu, Narmin"]
[Result "1/2-1/2"]
[WhiteElo "2285"]
[BlackElo "2061"]
[Annotator "NA"]
[PlyCount "129"]
[EventDate "2018.08.06"]
[EventType "swiss"]
[EventCountry "TUR"]
[SourceTitle "playchess.com"]
[Source "ChessBase"]
[SourceQuality "1"]
[TimeControl "5400+30"]

1. g3 d5 2. Bg2 Nf6 3. d3 c5 4. Nf3 Nc6 5. Nbd2 g6 6. c4 {[%emt 0:33:00] [%clk 1:00]} d4 {[%emt 1:02:00]} 7. O-O {[%emt 0:00:30]} Bg7 {[%emt 0:00:30]} 8. a3 {[%emt 0:00:30]} O-O {[%emt 0:00:30]} 9. Ne1 {[%emt 0:00:30]} a5 {[%emt 0:00:30]} 10. Nc2 {[%emt 0:00:30]} Qc7 {[%emt 0:00:30]} 11. Rb1 {[%emt 0:00:30]} Bd7 {[%emt 0:00:30]} 12. b4 {[%emt 0:00:30]} axb4 {[%emt 0:00:30]} 13. axb4 {[%emt 0:00:30]} Nxb4 {[%emt 0:00:30]} 14. Nxb4 {[%emt 0:00:30]} cxb4 {[%emt 0:00:30]} 15. Rxb4 {[%emt 0:00:30]} Bc6 {[%emt 0:00:30]} 16. Bb2 {[%emt 0:00:30]} e5 {[%emt 0:00:30]} 17. Qc2 {[%emt 0:00:30]} Bxg2 {[%emt 0:00:30]} 18. Kxg2 {[%emt 0:00:30]} Nd7 {[%emt 0:00:30]} 19. Nf3 {[%emt 0:00:30]} Nc5 {[%emt 0:00:30]} 20. Bc1 {[%emt 0:00:30]} f5 {[%emt 0:00:30]} 21. Rb5 {[%emt 0:00:30]} e4 {[%emt 0:02:30]} 22. Nd2 {[%emt 0:13:30]} exd3 {[%emt 0:04:30]} 23. exd3 {[%emt 0:00:00]} Rfe8 {[%emt 0:00:00]} 24. Nb3 {[%emt 0:07:00]} Na4 {[%emt 0:03:00]} 25. Bd2 {[%emt 0:00:30]} Re2 {[%emt 0:03:30]} 26. Nc1 {[%emt 0:00:30]} Qc6+ {[%emt 0:00:30]} 27. Kg1 {[%emt 0:00:30]} Nc3 {[%emt 0:01:17]} 28. Rd5 {[%emt 0:12:30]} Rxf2 {[%emt 0:06:37]} 29. Rxf2 {[%emt 0:00:30]} Nxd5 {[%emt 0:00:04]} 30. Qb1 {[%emt 0:05:30]} Ne3 {[%emt 0:01:39]} 31. Ne2 {[%emt 0:00:30]} Ra4 {[%emt 0:03:03]} 32. Nc1 {[%emt 0:04:56]} g5 {[%emt 0:05:08]} 33. Qb3 {[%emt 0:01:47]} f4 {[%emt 0:03:22]} 34. c5+ {[%emt 0:01:57]} Kh8 {[%emt 0:00:01]} 35. Qf7 {[%emt 0:00:20]} Ra8 {[%emt 0:00:29]} 36. Qe7 {[%emt 0:03:35]} Ng4 {[%emt 0:01:36]} 37. Rf1 {[%emt 0:01:53]} f3 {[%emt 0:00:57]} 38. Qe4 {[%emt 0:01:40]} f2+ {[%emt 0:01:05]} 39. Kh1 {[%emt 0:00:00]} Qxe4+ {[%emt 0:00:43]} 40. dxe4 {[%emt 0:00:10]} Rf8 {[%emt 0:00:30]} 41. Bxg5 {[%emt 0:00:30]} Ne3 {[%emt 0:00:30]} 42. Bxe3 {[%emt 0:00:30]} dxe3 {[%emt 0:00:00]} 43. Ne2 {[%emt 0:03:04]} Rc8 {[%emt 0:00:01]} 44. Rd1 {[%emt 0:00:30]} Be5 {[%emt 0:00:59]} 45. Kg2 {[%emt 0:00:19]} Rxc5 {[%emt 0:00:55]} 46. Kf3 {[%emt 0:00:28]} b5 {[%emt 0:00:29]} 47. Kxe3 {[%emt 0:01:11]} b4 {[%emt 0:00:08]} 48. Kxf2 {[%emt 0:00:17]} b3 {[%emt 0:00:37]} 49. Rb1 {[%emt 0:00:13]} b2 {[%emt 0:00:16]} 50. Ke3 {[%emt 0:00:35]} Ra5 {[%emt 0:00:39]} 51. Kd2 {[%emt 0:00:30]} Ra4 {[%emt 0:00:46]} 52. Kd3 {[%emt 0:06:51]} Ra3+ {[%emt 0:00:01]} 53. Kd2 {[%emt 0:00:33]} Rf3 {[%emt 0:00:17]} 54. h4 {[%emt 0:02:24]} Kg8 {[%emt 0:00:36]} 55. Kc2 {[%emt 0:00:34]} Re3 {[%emt 0:00:32]} 56. Nf4 {[%emt 0:00:39]} Rxe4 {[%emt 0:01:32]} 57. Nd3 {[%emt 0:00:06]} Rc4+ {[%emt 0:00:05]} 58. Kd2 {[%emt 0:00:51]} Bxg3 {[%emt 0:00:20]} 59. Nxb2 {[%emt 0:00:50]} Rxh4 {[%emt 0:00:42]} 60. Rg1 {[%emt 0:00:18]} Rg4 {[%emt 0:00:52]} 61. Ke2 {[%emt 0:00:30]} Rg7 {[%emt 0:00:01]} 62. Kf3 {[%emt 0:00:00]} Be5 {[%emt 0:00:43]} 63. Rxg7+ {[%emt 0:00:23]} Kxg7 {[%emt 0:00:30]} 64. Nd3 {[%emt 0:00:00]} Bd6 {[%emt 0:00:00]} 65. Ke4 {[%emt 0:00:24]} 1/2-1/2

[Event "26th Troya Open 2018"]
[Site "Canakkale"]
[Date "2018.08.09"]
[Round "6.11"]
[White "Yildizak, Goksel"]
[Black "Abdulla, Khayala"]
[Result "0-1"]
[WhiteElo "1910"]
[BlackElo "2245"]
[Annotator "NA"]
[PlyCount "98"]
[EventDate "2018.08.06"]
[EventType "swiss"]
[EventCountry "TUR"]
[SourceTitle "playchess.com"]
[Source "ChessBase"]
[SourceQuality "1"]
[TimeControl "5400+30"]

1. d4 Nf6 2. Nf3 e6 3. g3 b6 4. Bg2 Bb7 5. O-O c5 6. c4 cxd4 7. Nxd4 Bxg2 8. Kxg2 Be7 9. Nc3 O-O 10. b3 a6 11. e4 d6 12. Be3 Qc7 13. Rc1 Nbd7 {[%emt 0:28:30] [%clk 1:08]} 14. Qe2 {[%emt 1:09:00]} Rac8 $14 {[%emt 0:00:30]} 15. Rfd1 {[%emt 0:00:30]} Rfe8 {[%emt 0:00:30]} 16. f3 {[%emt 0:00:30]} Qb7 {[%emt 0:00:30]} 17. Qf2 {[%emt 0:00:30]} Ne5 {[%emt 0:00:30]} 18. h3 {[%emt 0:00:30]} h5 {[%emt 0:00:30]} 19. Kg1 {[%emt 0:00:30]} Ng6 {[%emt 0:00:30]} 20. Qg2 {[%emt 0:00:30]} d5 {[%emt 0:00:30]} 21. cxd5 {[%emt 0:00:30]} exd5 {[%emt 0:00:30]} 22. Nxd5 {[%emt 0:00:30]} Nxd5 {[%emt 0:00:30]} 23. Rxc8 {[%emt 0:00:30]} Rxc8 {[%emt 0:00:30]} 24. exd5 {[%emt 0:00:30]} Qxd5 {[%emt 0:00:30]} 25. f4 {[%emt 0:00:30]} Qd7 {[%emt 0:00:30]} 26. Rd2 {[%emt 0:01:30]} Bb4 {[%emt 0:03:30]} 27. Rc2 {[%emt 0:02:30]} Bc5 {[%emt 0:11:30]} 28. Bf2 {[%emt 0:02:30]} h4 {[%emt 0:02:30]} 29. Kh2 {[%emt 0:04:37]} hxg3+ {[%emt 0:03:30]} 30. Qxg3 {[%emt 0:00:44]} Rd8 {[%emt 0:01:30]} 31. Ne2 {[%emt 0:11:43]} Qd1 {[%emt 0:02:30]} 32. Rb2 {[%emt 0:00:01]} Qa1 {[%emt 0:09:30]} 33. Rc2 {[%emt 0:00:12]} Rd1 {[%emt 0:00:30]} 34. Ng1 {[%emt 0:00:14]} Bd6 {[%emt 0:02:30]} 35. Qg4 {[%emt 0:01:42]} Bxf4+ {[%emt 0:04:30]} 36. Kg2 {[%emt 0:00:16]} Rd6 {[%emt 0:05:30]} 37. Nf3 {[%emt 0:02:24]} Qf6 {[%emt 0:01:30]} 38. Rc8+ {[%emt 0:00:37]} Rd8 {[%emt 0:02:30]} 39. Bd4 {[%emt 0:00:50]} Qd6 {[%emt 0:01:30]} 40. Rxd8+ {[%emt 0:01:07]} Qxd8 {[%emt 0:00:30]} 41. h4 {[%emt 0:00:00]} Bh6 {[%emt 0:00:00]} 42. Kf2 {[%emt 0:01:26]} Nf4 {[%emt 0:04:28]} 43. Qf5 {[%emt 0:01:35]} Ne6 {[%emt 0:00:32]} 44. Bc3 {[%emt 0:01:05]} b5 {[%emt 0:02:40]} 45. Ne5 {[%emt 0:00:56]} Qxh4+ {[%emt 0:00:32]} 46. Ke2 {[%emt 0:01:03]} Qh2+ {[%emt 0:02:31]} 47. Ke1 {[%emt 0:01:02]} Qg1+ {[%emt 0:01:55]} 48. Ke2 {[%emt 0:00:15]} Nf4+ {[%emt 0:00:49]} 49. Kf3 {[%emt 0:00:01]} Qf1+ {[%emt 0:01:18]} 0-1

[Event "26th Troya Open 2018"]
[Site "Canakkale"]
[Date "2018.08.09"]
[Round "6.16"]
[White "Koc, Azra Ece"]
[Black "Kurt, Emre"]
[Result "1/2-1/2"]
[WhiteElo "1592"]
[BlackElo "1642"]
[Annotator "NA"]
[PlyCount "49"]
[EventDate "2018.08.06"]
[EventType "swiss"]
[EventCountry "TUR"]
[SourceTitle "playchess.com"]
[Source "ChessBase"]
[SourceQuality "1"]
[TimeControl "5400+30"]

1. d4 Nf6 2. Nf3 d6 3. c4 g6 4. Nc3 Bg7 5. e4 Nbd7 6. h3 O-O 7. Be3 e5 8. Be2 a5 9. O-O Re8 10. Qc2 {[%emt 0:57:00] [%clk 0:38]} exd4 {[%emt 0:46:00]} 11. Bxd4 {[%emt 0:00:30]} Nh5 {[%emt 0:00:30]} 12. Nd5 {[%emt 0:00:30]} Bxd4 {[%emt 0:00:30]} 13. Nxd4 {[%emt 0:00:30]} Nhf6 {[%emt 0:00:30]} 14. Nb5 {[%emt 0:00:30]} Nxd5 {[%emt 0:00:30]} 15. cxd5 {[%emt 0:00:30]} Nc5 {[%emt 0:00:30]} 16. Nc3 {[%emt 0:00:30]} f5 {[%emt 0:00:30]} 17. Bb5 {[%emt 0:00:30]} Re7 {[%emt 0:00:30]} 18. exf5 {[%emt 0:00:30]} Bxf5 {[%emt 0:01:30]} 19. Qd2 {[%emt 0:00:30]} Bd7 {[%emt 0:05:30]} 20. Bxd7 {[%emt 0:03:30]} Qxd7 {[%emt 0:01:30]} 21. Rfe1 {[%emt 0:02:30]} Rae8 {[%emt 0:01:30]} 22. Re3 {[%emt 0:06:30]} Rxe3 {[%emt 0:02:30]} 23. fxe3 {[%emt 0:00:00]} b6 {[%emt 0:02:30]} 24. Rf1 {[%emt 0:04:00]} Qe7 {[%emt 0:04:30]} 25. Rf3 {[%emt 0:00:30]} 1/2-1/2

[Event "26th Troya Open 2018"]
[Site "Canakkale"]
[Date "2018.08.09"]
[Round "6.17"]
[White "Buyukbozkoyun, Baran"]
[Black "Erke, Mustafa Yigit"]
[Result "0-1"]
[WhiteElo "1582"]
[BlackElo "1599"]
[Annotator "NA"]
[PlyCount "84"]
[EventDate "2018.08.06"]
[EventType "swiss"]
[EventCountry "TUR"]
[SourceTitle "playchess.com"]
[Source "ChessBase"]
[SourceQuality "1"]
[TimeControl "5400+30"]

1. e4 e5 2. Nf3 Nc6 3. Bb5 a6 4. Ba4 Nf6 5. d3 Bc5 6. Nc3 O-O 7. Bg5 h6 8. Bh4 d6 9. h3 g5 {[%emt 0:49:30] [%clk 0:44]} 10. Bg3 {[%emt 0:41:00]} Nh5 {[%emt 0:01:30]} 11. Bh2 {[%emt 0:00:30]} g4 {[%emt 0:00:30]} 12. hxg4 {[%emt 0:00:30]} Bxg4 {[%emt 0:00:30]} 13. Bxc6 {[%emt 0:00:30]} bxc6 {[%emt 0:00:30]} 14. Qd2 {[%emt 0:00:30]} Qf6 {[%emt 0:00:30]} 15. O-O-O {[%emt 0:00:30]} Kh7 {[%emt 0:00:30]} 16. Bg3 {[%emt 0:00:30]} Bxf3 {[%emt 0:00:30]} 17. gxf3 {[%emt 0:00:30]} Qxf3 {[%emt 0:00:30]} 18. Rh4 {[%emt 0:00:30]} Be3 {[%emt 0:00:30]} 19. Qxe3 {[%emt 0:00:30]} Qxe3+ {[%emt 0:00:30]} 20. fxe3 {[%emt 0:00:30]} Nxg3 {[%emt 0:00:30]} 21. Rg1 {[%emt 0:00:30]} Rg8 {[%emt 0:00:30]} 22. Rh3 {[%emt 0:00:30]} Rg6 {[%emt 0:00:30]} 23. Rhxg3 {[%emt 0:00:30]} Rag8 {[%emt 0:00:30]} 24. Ne2 {[%emt 0:00:30]} h5 {[%emt 0:00:30]} 25. Kd1 {[%emt 0:00:30]} h4 {[%emt 0:00:30]} 26. Rxg6 {[%emt 0:00:30]} fxg6 {[%emt 0:00:30]} 27. Ke1 {[%emt 0:00:30]} g5 {[%emt 0:00:30]} 28. Kf2 {[%emt 0:00:30]} Kh6 {[%emt 0:06:30]} 29. Kg2 {[%emt 0:02:30]} Rf8 {[%emt 0:12:30]} 30. c4 {[%emt 0:05:30]} g4 {[%emt 0:01:30]} 31. Re1 {[%emt 0:07:30]} Rf3 {[%emt 0:06:45]} 32. Ng1 {[%emt 0:07:30]} h3+ {[%emt 0:01:13]} 33. Kh1 {[%emt 0:01:30]} Rf2 {[%emt 0:00:42]} 34. Ne2 {[%emt 0:03:30]} Rg2 {[%emt 0:01:04]} 35. Nc3 {[%emt 0:03:30]} g3 {[%emt 0:01:23]} 36. Ne2 {[%emt 0:18:08]} Kg5 {[%emt 0:01:38]} 37. Nxg3 {[%emt 0:04:02]} Rxg3 {[%emt 0:00:02]} 38. Rg1 {[%emt 0:03:12]} Rxg1+ {[%emt 0:02:17]} 39. Kxg1 {[%emt 0:00:02]} Kg4 {[%emt 0:00:19]} 40. b4 {[%emt 0:00:09]} c5 {[%emt 0:01:36]} 41. b5 {[%emt 0:02:47]} a5 {[%emt 0:00:01]} 42. d4 {[%emt 0:00:23]} Kf3 {[%emt 0:01:17]} 0-1

[Event "26th Troya Open 2018"]
[Site "Canakkale"]
[Date "2018.08.09"]
[Round "6.18"]
[White "Erdem, Berkin"]
[Black "Istekli, Erdem"]
[Result "1/2-1/2"]
[WhiteElo "1614"]
[BlackElo "1713"]
[Annotator "NA"]
[PlyCount "45"]
[EventDate "2018.08.06"]
[EventType "swiss"]
[EventCountry "TUR"]
[SourceTitle "playchess.com"]
[Source "ChessBase"]
[SourceQuality "1"]
[TimeControl "5400+30"]

1. c4 e6 2. Nc3 d5 3. d4 c6 4. Bf4 Bd6 5. Bxd6 Qxd6 6. e3 Nf6 7. Nf3 O-O 8. Bd3 {[%emt 0:42:00] [%clk 0:52]} Nbd7 {[%emt 0:55:00]} 9. cxd5 {[%emt 0:00:30]} exd5 {[%emt 0:00:30]} 10. Rc1 {[%emt 0:00:30]} Re8 {[%emt 0:00:30]} 11. Qc2 {[%emt 0:00:30]} Nf8 {[%emt 0:00:30]} 12. Ne2 {[%emt 0:00:30]} Ng6 {[%emt 0:00:30]} 13. Bxg6 {[%emt 0:00:30]} hxg6 {[%emt 0:00:30]} 14. Ne5 {[%emt 0:00:30]} Ng4 {[%emt 0:00:30]} 15. Nxg4 {[%emt 0:00:30]} Bxg4 {[%emt 0:00:30]} 16. Ng3 {[%emt 0:00:30]} Qb4+ {[%emt 0:00:30]} 17. Qd2 {[%emt 0:00:30]} a5 {[%emt 0:00:30]} 18. a3 {[%emt 0:00:30]} Qxd2+ {[%emt 0:00:30]} 19. Kxd2 {[%emt 0:00:30]} Bf5 {[%emt 0:00:30]} 20. Ne2 {[%emt 0:00:30]} g5 {[%emt 0:00:30]} 21. Rc3 {[%emt 0:04:30]} g4 {[%emt 0:05:30]} 22. Ng3 {[%emt 0:03:30]} Be4 {[%emt 0:00:30]} 23. Nxe4 {[%emt 0:00:00]} 1/2-1/2

[Event "26th Troya Open 2018"]
[Site "Canakkale"]
[Date "2018.08.09"]
[Round "6.19"]
[White "Uysal, Ugur"]
[Black "Ulupinar, Furkan"]
[Result "1/2-1/2"]
[WhiteElo "1689"]
[BlackElo "1412"]
[Annotator "NA"]
[PlyCount "67"]
[EventDate "2018.08.06"]
[EventType "swiss"]
[EventCountry "TUR"]
[SourceTitle "playchess.com"]
[Source "ChessBase"]
[SourceQuality "1"]
[TimeControl "5400+30"]

1. Nf3 c5 2. c4 Nc6 3. d4 cxd4 4. Nxd4 Nf6 5. g3 g6 6. Bg2 Bg7 7. Nb3 d6 8. O-O O-O 9. Nc3 Be6 10. c5 d5 11. Bg5 Rc8 {[%emt 0:54:30] [%clk 0:41]} 12. Rc1 {[%emt 0:42:00]} h6 {[%emt 0:00:30]} 13. Bxf6 {[%emt 0:00:30]} Bxf6 {[%emt 0:00:30]} 14. Qd2 {[%emt 0:00:30]} d4 {[%emt 0:00:30]} 15. Ne4 {[%emt 0:00:30]} Bg7 {[%emt 0:00:30]} 16. f4 {[%emt 0:00:30]} a5 {[%emt 0:00:30]} 17. Qd1 {[%emt 0:00:30]} Nb4 {[%emt 0:00:30]} 18. a3 {[%emt 0:00:30]} Nd5 {[%emt 0:00:30]} 19. Nxd4 {[%emt 0:00:30]} Nxf4 {[%emt 0:00:30]} 20. Nxe6 {[%emt 0:00:30]} Nxe6 {[%emt 0:00:30]} 21. b4 {[%emt 0:00:30]} Bb2 {[%emt 0:00:30]} 22. Qxd8 {[%emt 0:00:30]} Rfxd8 {[%emt 0:00:30]} 23. Rb1 {[%emt 0:00:30]} Bxa3 {[%emt 0:00:30]} 24. bxa5 {[%emt 0:00:30]} Nxc5 {[%emt 0:00:30]} 25. Nxc5 {[%emt 0:00:30]} Rxc5 {[%emt 0:00:30]} 26. Bxb7 {[%emt 0:01:30]} Rxa5 {[%emt 0:01:30]} 27. Rbd1 {[%emt 0:00:30]} Rxd1 {[%emt 0:04:30]} 28. Rxd1 {[%emt 0:00:30]} Rb5 {[%emt 0:00:00]} 29. Bc6 {[%emt 0:00:30]} Rb2 {[%emt 0:00:00]} 30. Bf3 {[%emt 0:00:30]} Kg7 {[%emt 0:00:30]} 31. Kg2 {[%emt 0:00:30]} h5 {[%emt 0:03:30]} 32. Rd3 {[%emt 0:00:00]} Bc5 {[%emt 0:00:30]} 33. Rd5 {[%emt 0:00:00]} Be3 {[%emt 0:00:30]} 34. Re5 {[%emt 0:00:30]} 1/2-1/2

[Event "26th Troya Open 2018"]
[Site "Canakkale"]
[Date "2018.08.09"]
[Round "6.20"]
[White "Gurses, Ayberk"]
[Black "Celik, Meric"]
[Result "1/2-1/2"]
[WhiteElo "1660"]
[BlackElo "1471"]
[Annotator "NA"]
[PlyCount "145"]
[EventDate "2018.08.06"]
[EventType "swiss"]
[EventCountry "TUR"]
[SourceTitle "playchess.com"]
[Source "ChessBase"]
[SourceQuality "1"]
[TimeControl "5400+30"]

1. e4 c5 2. Nf3 e6 3. d4 cxd4 4. Nxd4 Nf6 5. Nc3 Nc6 6. Ndb5 Bb4 7. a3 Bxc3+ 8. Nxc3 d5 9. exd5 Nxd5 10. Ne4 O-O 11. Bd3 f5 {[%emt 0:59:30] [%clk 0:35]} 12. Ng3 {[%emt 0:46:00]} Qf6 {[%emt 0:01:30]} 13. O-O {[%emt 0:00:30]} Nb6 {[%emt 0:00:30]} 14. Nh5 {[%emt 0:00:30]} Qf7 {[%emt 0:00:30]} 15. b4 {[%emt 0:00:30]} g6 {[%emt 0:00:30]} 16. Ng3 {[%emt 0:00:30]} e5 {[%emt 0:01:30]} 17. f3 {[%emt 0:05:30]} Qd5 {[%emt 0:09:30]} 18. Re1 {[%emt 0:06:30]} f4 {[%emt 0:02:30]} 19. Ne2 {[%emt 0:00:30]} Rd8 {[%emt 0:01:30]} 20. Kh1 {[%emt 0:05:30]} Bf5 {[%emt 0:06:07]} 21. Nc3 {[%emt 0:09:30]} Qd4 {[%emt 0:01:32]} 22. Bb2 {[%emt 0:04:30]} Bxd3 {[%emt 0:00:53]} 23. cxd3 {[%emt 0:01:30]} Qxd3 {[%emt 0:00:24]} 24. Qxd3 {[%emt 0:01:12]} Rxd3 {[%emt 0:00:11]} 25. Ne4 {[%emt 0:04:05]} Na4 {[%emt 0:02:09]} 26. Bc1 {[%emt 0:02:48]} Rad8 {[%emt 0:00:53]} 27. Kg1 {[%emt 0:00:36]} Nd4 {[%emt 0:01:28]} 28. Nf2 {[%emt 0:02:50]} Nc2 {[%emt 0:02:25]} 29. Nxd3 {[%emt 0:03:24]} Rxd3 {[%emt 0:00:06]} 30. Bxf4 {[%emt 0:01:41]} exf4 {[%emt 0:01:16]} 31. Red1 {[%emt 0:00:40]} Rxd1+ {[%emt 0:05:32]} 32. Rxd1 {[%emt 0:00:01]} Nb6 {[%emt 0:00:04]} 33. Rd8+ {[%emt 0:00:57]} Kg7 {[%emt 0:01:00]} 34. Rb8 {[%emt 0:00:15]} Nxa3 {[%emt 0:01:21]} 35. Rxb7+ {[%emt 0:00:46]} Kh6 {[%emt 0:00:12]} 36. Rxa7 {[%emt 0:00:00]} Nac4 {[%emt 0:00:52]} 37. g4 {[%emt 0:01:22]} g5 {[%emt 0:01:19]} 38. Rc7 {[%emt 0:00:38]} Ne5 {[%emt 0:01:29]} 39. Kg2 {[%emt 0:01:58]} Kg6 {[%emt 0:00:30]} 40. Re7 {[%emt 0:00:30]} Nbd7 {[%emt 0:00:38]} 41. b5 {[%emt 0:00:41]} h5 {[%emt 0:00:58]} 42. gxh5+ {[%emt 0:01:03]} Kxh5 {[%emt 0:00:07]} 43. b6 {[%emt 0:01:13]} Kg6 {[%emt 0:00:31]} 44. b7 {[%emt 0:01:43]} Kf6 {[%emt 0:00:10]} 45. Rh7 {[%emt 0:00:59]} Kg6 {[%emt 0:01:20]} 46. Rh8 {[%emt 0:00:41]} Nc6 {[%emt 0:00:14]} 47. Rc8 {[%emt 0:00:25]} Ncb8 {[%emt 0:00:23]} 48. h3 {[%emt 0:00:40]} Kf5 {[%emt 0:01:28]} 49. Kf2 {[%emt 0:00:38]} Ke5 {[%emt 0:00:36]} 50. Ke2 {[%emt 0:00:15]} Na6 {[%emt 0:00:38]} 51. Rd8 {[%emt 0:00:36]} Nab8 {[%emt 0:00:32]} 52. Kd2 {[%emt 0:00:49]} Kf6 {[%emt 0:00:41]} 53. Kc3 {[%emt 0:00:34]} Ke6 {[%emt 0:00:45]} 54. Rg8 {[%emt 0:00:15]} Kf6 {[%emt 0:00:08]} 55. Kc4 {[%emt 0:00:48]} Nc6 {[%emt 0:00:32]} 56. Rh8 {[%emt 0:00:46]} Na5+ {[%emt 0:00:11]} 57. Kd5 {[%emt 0:00:30]} Nxb7 {[%emt 0:00:34]} 58. Kc6 {[%emt 0:00:09]} Nbc5 {[%emt 0:00:00]} 59. Rh6+ {[%emt 0:00:38]} Kf5 {[%emt 0:00:16]} 60. Rd6 {[%emt 0:00:38]} Ke5 {[%emt 0:00:30]} 61. Rd5+ {[%emt 0:00:00]} Kf6 {[%emt 0:00:00]} 62. Kd6 {[%emt 0:00:00]} Kg6 {[%emt 0:00:37]} 63. Ke7 {[%emt 0:00:35]} Kh5 {[%emt 0:00:36]} 64. Rf5 {[%emt 0:00:00]} Kh4 {[%emt 0:00:42]} 65. Kd6 {[%emt 0:00:12]} Kg3 {[%emt 0:00:18]} 66. Rxg5+ {[%emt 0:00:38]} Kxf3 {[%emt 0:00:06]} 67. Rg7 {[%emt 0:00:23]} Ke2 {[%emt 0:01:26]} 68. h4 {[%emt 0:00:32]} f3 {[%emt 0:00:32]} 69. Re7+ {[%emt 0:00:14]} Kd2 {[%emt 0:00:23]} 70. Rf7 {[%emt 0:01:28]} Ke2 {[%emt 0:00:41]} 71. h5 {[%emt 0:00:26]} Nf6 {[%emt 0:00:37]} 72. Kxc5 {[%emt 0:00:55]} Nxh5 {[%emt 0:00:42]} 73. Kd5 {[%emt 0:00:47]} 1/2-1/2

[Event "26th Troya Open 2018"]
[Site "Canakkale"]
[Date "2018.08.11"]
[Round "9.3"]
[White "Mgeladze, Tamaz"]
[Black "Semiev, Suhrab"]
[Result "1/2-1/2"]
[WhiteElo "2400"]
[BlackElo "2285"]
[Annotator "RC"]
[PlyCount "148"]
[EventDate "2018.08.06"]
[EventType "swiss"]
[EventCountry "TUR"]
[SourceTitle "playchess.com"]
[Source "ChessBase"]
[SourceQuality "1"]
[TimeControl "5400+30"]

1. c4 {[%emt 0:00:30]} e5 {[%emt 0:00:30]} 2. g3 {[%emt 0:00:30]} Nf6 {[%emt 0:00:30]} 3. Bg2 {[%emt 0:00:30]} d5 {[%emt 0:00:30]} 4. cxd5 {[%emt 0:00:30]} Nxd5 {[%emt 0:00:00]} 5. Nc3 {[%emt 0:00:30]} Nb6 {[%emt 0:00:00]} 6. d3 {[%emt 0:00:30]} Be7 {[%emt 0:00:30]} 7. Be3 {[%emt 0:00:30]} O-O {[%emt 0:00:30]} 8. Rc1 {[%emt 0:01:30]} Kh8 {[%emt 0:01:30]} 9. Nf3 {[%emt 0:04:30]} Nc6 {[%emt 0:00:30]} 10. O-O {[%emt 0:00:00]} f5 {[%emt 0:00:30]} 11. a3 {[%emt 0:02:00]} Be6 {[%emt 0:04:30]} 12. b4 {[%emt 0:03:30]} a6 {[%emt 0:01:30]} 13. Na4 {[%emt 0:06:30]} Nxa4 {[%emt 0:15:30]} 14. Qxa4 {[%emt 0:00:30]} Bd5 {[%emt 0:03:30]} 15. Rfe1 {[%emt 0:11:30]} f4 {[%emt 0:09:30]} 16. Bc5 {[%emt 0:10:30]} Bd6 {[%emt 0:00:30]} 17. Nd2 {[%emt 0:05:30]} Bxg2 {[%emt 0:02:30]} 18. Kxg2 {[%emt 0:00:30]} Qe8 {[%emt 0:03:30]} 19. Ne4 {[%emt 0:03:30]} Rd8 {[%emt 0:00:30]} 20. b5 {[%emt 0:02:30]} Ne7 {[%emt 0:03:30]} 21. Qb4 {[%emt 0:02:30]} Nd5 {[%emt 0:04:30]} 22. Qb3 {[%emt 0:03:30]} Qf7 {[%emt 0:00:30]} 23. Kg1 {[%emt 0:00:00]} axb5 {[%emt 0:03:30]} 24. Qxb5 {[%emt 0:03:00]} Bxc5 {[%emt 0:01:30]} 25. Rxc5 {[%emt 0:00:30]} c6 {[%emt 0:00:00]} 26. Qb2 {[%emt 0:00:00] [%clk 0:08.30]} Rde8 {[%emt 0:37:16]} 27. Nd6 {[%emt 0:29:30]} Qe7 {[%emt 0:00:30]} 28. Rxd5 {[%emt 0:00:30]} cxd5 {[%emt 0:00:30]} 29. Nxe8 {[%emt 0:00:30]} Rxe8 {[%emt 0:00:30]} 30. Rb1 {[%emt 0:00:30]} fxg3 {[%emt 0:00:30]} 31. hxg3 {[%emt 0:00:30]} Rb8 {[%emt 0:00:30]} 32. Qb4 {[%emt 0:00:30]} Qd7 {[%emt 0:00:30]} 33. Qb5 {[%emt 0:00:30]} Qf7 {[%emt 0:00:30]} 34. Qc5 {[%emt 0:00:30]} h6 {[%emt 0:00:30]} 35. Qd6 {[%emt 0:00:30]} Rf8 {[%emt 0:00:30]} 36. f3 {[%emt 0:00:30]} Re8 {[%emt 0:00:30]} 37. Rb4 {[%emt 0:00:30]} Kh7 {[%emt 0:00:30]} 38. Kg2 {[%emt 0:00:30]} d4 {[%emt 0:00:30]} 39. Rc4 {[%emt 0:00:30]} Qe6 {[%emt 0:00:30]} 40. Qxe6 {[%emt 0:00:30]} Rxe6 {[%emt 0:00:30]} 41. Rc7 {[%emt 0:00:30]} b6 {[%emt 0:00:30]} 42. Rd7 {[%emt 0:00:30]} Kg6 {[%emt 0:00:30]} 43. Kf2 {[%emt 0:00:30]} Kf6 {[%emt 0:00:30]} 44. Rd5 {[%emt 0:00:30]} g5 {[%emt 0:00:30]} 45. g4 {[%emt 0:00:30]} Rc6 {[%emt 0:00:30]} 46. a4 {[%emt 0:00:30]} Ke6 {[%emt 0:00:30]} 47. Rb5 {[%emt 0:00:30]} Kd6 {[%emt 0:00:30]} 48. Ke1 {[%emt 0:00:30]} Ke6 {[%emt 0:00:30]} 49. Kd2 {[%emt 0:00:30]} Kd6 {[%emt 0:00:30]} 50. a5 {[%emt 0:00:30]} bxa5 {[%emt 0:00:30]} 51. Rxa5 {[%emt 0:00:30]} Rb6 {[%emt 0:00:30]} 52. Ra7 {[%emt 0:00:30]} Rb2+ {[%emt 0:00:30]} 53. Kd1 {[%emt 0:00:30]} Rb6 {[%emt 0:00:30]} 54. Kc2 {[%emt 0:00:30]} Kd5 {[%emt 0:00:30]} 55. Rd7+ {[%emt 0:00:30]} Kc6 {[%emt 0:00:30]} 56. Rd8 {[%emt 0:00:30]} Kc5 {[%emt 0:00:30]} 57. Rh8 {[%emt 0:00:30]} Kd5 {[%emt 0:00:30]} 58. Kd2 {[%emt 0:00:30]} Rb2+ {[%emt 0:00:30]} 59. Ke1 {[%emt 0:00:30]} Rb6 {[%emt 0:00:30]} 60. Kf2 {[%emt 0:00:30]} Kc5 {[%emt 0:00:30]} 61. Rd8 {[%emt 0:00:30]} Rb7 {[%emt 0:00:30]} 62. Ra8 {[%emt 0:00:30]} Rb6 {[%emt 0:00:30]} 63. Rd8 {[%emt 0:00:30]} Rb7 {[%emt 0:00:30]} 64. Ke1 {[%emt 0:00:30]} Rb6 {[%emt 0:00:30]} 65. Kd2 {[%emt 0:00:30]} Rb2+ {[%emt 0:00:30]} 66. Kd1 {[%emt 0:00:30]} Rb7 {[%emt 0:00:30]} 67. Kc2 {[%emt 0:00:30]} Rb6 {[%emt 0:00:30]} 68. Rd7 {[%emt 0:00:30]} Kc6 {[%emt 0:00:30]} 69. Ra7 {[%emt 0:00:30]} Kc5 {[%emt 0:00:30]} 70. Ra2 {[%emt 0:00:30]} Kd5 {[%emt 0:00:30]} 71. Kd2 {[%emt 0:00:30]} Kc5 {[%emt 0:00:30]} 72. Kc2 {[%emt 0:00:30]} Kd5 {[%emt 0:00:30]} 73. Ra5+ {[%emt 0:00:30]} Kd6 {[%emt 0:00:30]} 74. Ra7 {[%emt 0:00:30]} Kc5 {[%emt 0:00:30]} 1/2-1/2